000 00574nam a2200229Ia 4500
003 OSt
005 20221005130743.0
006 a|||||r|||| 00| 0
007 ta
008 221004b |||||||| |||| 00| 0 tam d
024 _a51982
037 _cTextual
040 _aCRL
_cCRL
_btam
041 _2tam
_atam
082 _aQ23:417w, 31K6
100 _aChinnaannamalai Au.
_9637165
245 0 _aSamaya chanrorgal
260 _c1966
650 _aRELIGION
942 _hQ23:417w, 31K6
_cTEXL
_2cc
999 _c1058301
_d1058301